000 00807nam a22002417a 4500
001 37679
003 BD-RjUL
005 20211209052632.0
008 150207s1999 ii a|||| |||| 001 0 eng d
020 _a8172332130
035 _a(BD-RjUL)37783
040 _aBD-RjUL
_beng
_cBD-RjUL
_dBD-RjUL
041 _aeng
082 _219
_a615.321
_bGRM 1999
100 _aGreenish, Henry G.
_9115891
245 _aMateria medica :
_bbeing an account of the more important crude drugs of vegetable and animal origin : designed for students of pharmacy and medicine /
_cby Henry G. Greenish.
250 _a3rd. ed.
260 _aJodhpur :
_bScientific Publishers (India),
_c1999.
300 _axii, 568 p. :
_bill. ;
_c22 cm.
500 _aIncludes index.
650 _aMateria medica.
_9115892
942 _2ddc
_cBK
999 _c37679
_d37679